000 01463nam2a2200241 4500
001 RU\NLR\BIBL_A\012021038
005 20250626171652.0
035 _a(NLR Aleph) 012021038
090 _a11501769
_c11501769
100 _a20190524d1913 |||y0rusy50 ca
101 0 _arus
102 _aRU
105 _ay|||g|||000zy
200 0 _a... за 1913 год
_hгод III
_iЖизнь Общества в 1912 году. Экономический отчет. Списки членов Общества. Из жизни С.-Петербургской духовной академии. Устав Общества. Правила похоронной кассы. Список юбилейного XXV курса. По поводу 45-летия XXVII курса. Списки юбилейного XLV и выпускного LXIX курса
210 _d1913
_aБ. м.
215 _a105 с.
225 1 _a...
_vвып. 3
461 0 _1001RU\NLR\BIBL_A\012021004
_12001#$aПамятная книжка...$v... за 1912 год
_911501589
_aПетербургская духовная академия. Общество духовной и материальной взаимопомощи бывших питомцев
_cС.-Петербург
_d1911
_nТипография М. Меркушева
_tПамятная книжка...
_v... за 1912 год
852 _aNLR
_j18.267.8.35(3)
942 _cBOOK
980 _aNB